Giáo trình xác suất và thống kê

Nội dung cuốn sách trình bày vấn đề lý thuyết về xác suất thống kê một cách đầy đủ. Cuối mỗi chương đều có bài tập chọn lọc đa dạng. Hệ thống bài tập này có thể giúp các bạn sinh viên rèn luyện kỹ năng lý thuyết vào việc giải các...

Πλήρης περιγραφή

Αποθηκεύτηκε σε:
Λεπτομέρειες βιβλιογραφικής εγγραφής
Κύριος συγγραφέας: Nguyễn, Đình Huy
Μορφή: Βιβλίο
Γλώσσα:Undetermined
Έκδοση: Thành phố Hồ Chí Minh Đại học Quốc gia 2003
Θέματα:
Ετικέτες: Προσθήκη ετικέτας
Δεν υπάρχουν, Καταχωρήστε ετικέτα πρώτοι!
Thư viện lưu trữ: Trung tâm Học liệu Trường Đại học Cần Thơ
LEADER 01112nam a2200205Ia 4500
001 CTU_57098
008 210402s9999 xx 000 0 und d
020 |b 14000 
082 |a 519.2 
082 |b H523 
100 |a Nguyễn, Đình Huy 
245 0 |a Giáo trình xác suất và thống kê 
245 0 |c Nguyễn, Đình Huy ( chủ biên ), Đậu Thế Cấp 
260 |a Thành phố Hồ Chí Minh 
260 |b Đại học Quốc gia 
260 |c 2003 
520 |a Nội dung cuốn sách trình bày vấn đề lý thuyết về xác suất thống kê một cách đầy đủ. Cuối mỗi chương đều có bài tập chọn lọc đa dạng. Hệ thống bài tập này có thể giúp các bạn sinh viên rèn luyện kỹ năng lý thuyết vào việc giải các bài toán và ôn tập khi thi kết thúc môn học. 
650 |a Probabilities,Mathematical statistics 
904 |i QHieu đã sửa trong CSDL 
980 |a Trung tâm Học liệu Trường Đại học Cần Thơ